| 000 | 01487nam0a2200397 4500 | ||
|---|---|---|---|
| 001 | RU\NLR\bibl\161768 | ||
| 005 | 20260405210411.0 | ||
| 010 |
_a5-7567-0130-3 _95000 |
||
| 021 |
_aRU _b2001-9371 _9449 |
||
| 035 | _a(NLR Aleph) 000158673 | ||
| 090 |
_a912259 _c912259 |
||
| 100 | _a20010521d2001 |||y0rusy50 ca | ||
| 101 | 0 | _arus | |
| 102 | _aRU | ||
| 105 | _aa ||||||||| | ||
| 200 | 1 |
_aВалеология _eПути формирования здоровья школьников _fН. Н. Куинджи |
|
| 210 |
_aМ. _cАспект-пресс _d2001 |
||
| 215 |
_a136,[3] с. _cил. _d21 |
||
| 320 | _aБиблиогр.: с. 138 | ||
| 606 | 0 |
_aШкольники _jМетодические пособия _xГигиена _9913990 _3RU\NLR\auth\6614700 |
|
| 606 | 0 |
_aВалеология _jМетодические пособия _91220837 _3RU\NLR\auth\66178475 |
|
| 606 | 0 |
_aВалеология в школе _jМетодические пособия _91220842 _3RU\NLR\auth\66178477 |
|
| 610 | 0 | _aВалеология | |
| 675 |
_a613.955 _v3 _zrus |
||
| 686 |
_a76.33 _2rugasnti |
||
| 686 |
_a51.28 _2rubbk |
||
| 686 | _aР128.94-38я8 | ||
| 686 | _aР128.94-34я8 | ||
| 686 | _aЧ421.354 | ||
| 700 | 1 |
_4070 _8rus _7ca _aКуинджи _bН. Н. _gНаталья Николаевна _3RU\NLR\auth\7793567 _976493 |
|
| 801 | 0 |
_aRU _bRKP _c20010521 _gPSBO |
|
| 801 | 1 |
_aRU _bRKP _c20010521 |
|
| 801 | 2 |
_aRU _bNLR _c20101108 _grcr |
|
| 942 | _cBOOK | ||
| 980 | _aNB | ||